000 00653nam a2200241Ia 4500
003 OSt
005 20220924114344.0
006 a|||||r|||| 00| 0
007 ta
008 220923b |||||||| |||| 00| 0 ara d
024 _a335565
037 _cTextual
040 _aARTS
_cARTS
_bara
041 _2ara
_aara
082 _aO28x465,N7, M4
100 _aMansoor Khiri Au.
_9173145
245 0 _aAl-kaf wa-al-mukharriz
260 _aBaghdad
_bDar-al-hariyata Iraq
_c1984
300 _a392p.
_ccm.
650 _aARABIC LITERATURE
942 _hO28x465,N7, M4
_cTEXL
_2CC
999 _c393179
_d393179